LEADER 01043nam 2200361 450 001 9910148755503321 005 20221215211628.0 010 $a1-61893-217-9 035 $a(CKB)3710000000922040 035 $a(MiAaPQ)EBC5370286 035 $a(EXLCZ)993710000000922040 100 $a20180617d2010 ay 0 101 0 $aeng 135 $aurcnu|||||||| 181 $ctxt$2rdacontent 182 $cc$2rdamedia 183 $acr$2rdacarrier 200 00$aThat's awesome! $ethe world's most amazing facts & records! 210 1$aNew York, New York :$cTime Home Entertainment,$d[2010] 210 4$d©2010 215 $a1 online resource (208 pages) $cillustrations 300 $aAt head of title: Time for kids. 311 $a1-60320-156-4 606 $aCuriosities and wonders$vJuvenile literature 615 0$aCuriosities and wonders 676 $a031.02 801 0$bMiAaPQ 801 1$bMiAaPQ 801 2$bMiAaPQ 906 $aBOOK 912 $a9910148755503321 996 $aThat's awesome$92880287 997 $aUNINA LEADER 00982nam a22002771i 4500 001 991001827049707536 005 20031222152125.0 008 040407s1982 it |||||||||||||||||ita 035 $ab12829328-39ule_inst 035 $aARCHE-080894$9ExL 040 $aDip.to Scienze Storiche$bita$cA.t.i. Arché s.c.r.l. Pandora Sicilia s.r.l. 082 04$a728.3 100 1 $aLamure, Claude$032643 245 10$aAbitare & abitazione /$cClaude Lamure ; edizione italiana a cura di Enzo Legnante 250 $a2. ed. 260 $aMilano :$bF. Angeli,$c1982 300 $a1 v. ;$c22 cm 440 0$aSerie di architettura 650 4$aAbitazioni 700 1 $aLegnante, Enzo 907 $a.b12829328$b02-04-14$c16-04-04 912 $a991001827049707536 945 $aLE009 GEOG.13-151$g1$i2009000395060$lle009$o-$pE0.00$q-$rl$s- $t0$u1$v1$w1$x0$y.i13381143$z16-04-04 996 $aAbitare & abitazione$9296324 997 $aUNISALENTO 998 $ale009$b16-04-04$cm$da $e-$fita$git $h0$i1